| 000 | 01112nam a2200337 i 4500 | ||
|---|---|---|---|
| 001 | 000040220 | ||
| 003 | OSt | ||
| 005 | 20240302073950.0 | ||
| 007 | ta | ||
| 008 | 090819s1981 dr ac 000 0 spa d | ||
| 040 |
_aDO-SdBNP _bspa _cBNPHU _erda |
||
| 041 | _hspa | ||
| 082 | 4 |
_a330.97293 _bC343h, 1981 _222 |
|
| 100 | 1 |
_aCassá, Roberto, _d1948- _eautor _910888 |
|
| 245 | 1 | 0 |
_aHistoria social y económica de la República Dominicana / _cRoberto Cassá. |
| 250 | _a2a. edición | ||
| 264 |
_aSanto Domingo : _bAlfa & Omega, _c1981. |
||
| 300 |
_avolumen : _bilustraciones, retratos ; _c27 cm. |
||
| 336 |
_2rdacontent _atexto _btxt |
||
| 337 |
_2rdamedia _asin mediación _bn |
||
| 338 |
_2rdacarrier _avolumen _bnc |
||
| 500 | _a | ||
| 504 | _aBibliografía: p. 335-350 | ||
| 505 | _a | ||
| 590 | _aInventariado, 2018/ YL | ||
| 651 | 4 |
_aRepública Dominicana _xCondiciones Económicas _xHistoria _91210 |
|
| 651 | 4 |
_aRepública Dominicana _xCondiciones Sociales _xHistoria _91211 |
|
| 651 | 4 |
_aRepública Dominicana _xHistoria _9170 |
|
| 910 | _aValidado. Control de calidad MFF | ||
| 942 |
_2ddc _cLF1 |
||
| 999 |
_c39710 _d39710 |
||